000 00313nam a2200109Ia 4500
008 220204s9999 xx 000 0 und d
082 _a382.6(540)
_bDIR
245 0 _aDirectory of exporters of Indian produce and manufacturers
250 _aEd.10
260 _aNew Delhi
_bCommercial Intelligence
_c1950
942 _cBK
999 _c19850
_d19850